| 000 | 00714nam a2200217Ia 4500 | ||
|---|---|---|---|
| 003 | GCL | ||
| 008 | 140319s9999 xx 000 0 ara d | ||
| 040 |
_aGCL / _cGCL |
||
| 082 | 0 | 4 |
_a370.1 _bم ب |
| 100 | 1 | _aمحمد منير مرسى | |
| 245 | 1 | 0 |
_aالبحث التربوى وكيف نفهمة ؟ / _cمحمد منير مرسى |
| 250 | _aالاواى | ||
| 260 |
_aالقاهرة : _bدار عالم الكتب للنشر والتوزيع ، _c1987 |
||
| 300 |
_a378 ؛ _c24 سم |
||
| 650 | 0 | 4 | _aالبحث التربوى |
| 650 | 0 | 4 | _aادوات البحث |
| 650 | 0 | 4 | _aالبحث الوثائقى |
| 650 | 0 | 4 | _aالبحث الوصفى |
| 650 | 0 | 4 | _aالبحث التجريبى |
| 942 |
_2ddc _cBK |
||
| 999 |
_c31512 _d31512 |
||